000 004590000a22001930004500
001 003241
003 MACL
005 20151206131328.0
008 151206b xxu||||| |||| 00| 0 eng d
040 _aMACL
_cMACL
041 _aEnglish
082 _a742
100 _aWadia, Mehroo J.
_919534
245 _aWe Indians
_cMehroo J. Wadia
260 _aNational Book Trust,
_c2003
350 _a11
650 _aChildren's Book
_919535
942 _k742
_cBK
_2ddc
999 _c15146
_d15146